| 000 | 00485nam a2200169Ia 4500 | ||
|---|---|---|---|
| 008 | 231217s9999 xx 000 0 und d | ||
| 041 | _aEnglish | ||
| 082 | _a025.52 EVA;1 R | ||
| 100 | _aEvans, G Edward Amodeo, Anthony J Carter, Thomas L | ||
| 245 | 0 | _aIntroduction to library public services | |
| 250 | _a6th ed. | ||
| 260 |
_c1999 _bLibraries _aColorado |
||
| 300 | _axviii+500 | ||
| 400 | _aLibrary and information science text series | ||
| 650 | _alibrary | ||
| 942 | _cAA | ||
| 999 |
_c175415 _d175415 |
||